000 00753nam a2200229Ii 4500
003 JO-AjNU
008 230605s9999||||xx |||||||||||||| ||und||
017 _a2004/12/2874
020 _a9957-18053-3
040 _aJO-AjNU
_bara
_erda
_cJO-AjNU
041 _aara
050 1 4 _aU264.T3324 2005
100 3 _aالطحان، بلال مناوف,
_eauthor
_98950
245 0 0 _aحالات الطوارئ واثرها على حيوية السكان
250 _aط1
264 3 1 _aعمان:دار المناهج للنشر والتوزيع، 2005
300 _a102ص
336 _atext
_btxt
_2rdacontent
337 _aunmediated
_bn
_2rdamedia
338 _avolume
_bnc
_2rdacarrier
650 4 _aالطوارئ-الاسلحة الكيميائية
_98951
999 _aA1049
_c4617
_d4617